• 首页
  • 本馆介绍
  • 公告通知
  • 最新文献
  • 馆藏检索
  • 电子资源
  • 读者导购
  • 参考咨询
  • 我的图书馆
  • 登录
  • 详细信息显示
  • 放入我的书架
  • 预约/预借图书
  • 作者相关作品
  • 分类相关作品
  • 丛书相关作品
  • 出版社相关作品

书目信息

  • 表格格式
  • 工作单格式
  • 卡片格式
题名:
建设工程监理
    
 
作者: 杨晓林 主编
分册:  
出版信息: 北京   机械工业出版社  2020.7
页数: 268页
开本: 26cm
丛书名:
单 册:
中图分类: TU712.2
科图分类:
主题词: 建筑工程--施工监理--高等教育--教材
电子资源:
ISBN: 978-7-111-52598-1
000 01177nam0 2200277 45
001 012001000758
005 20211013145016.67
010    @a978-7-111-52598-1@dCNY35.00
090    @aTU712@byxl
096    @aTU712@byxl
100    @a20160426d2016 em y0chiy50 ea
101 0  @achi
102    @aCN@b110000
105    @ay z 000yy
106    @ar
200 1  @a建设工程监理@Ajian she gong cheng jian li@f杨晓林主编
205    @a3版
210    @a北京@c机械工业出版社@d2020.7
215    @a268页@d26cm
300    @a普通高等教育“十一五”国家级规划教材 建设工程管理系列规划教材
330    @a本书共分为11章,第1章从建设工程监理的基本概念出发,对建设监理制度的由来,建设监理行业的从业人员到监理工程师及其执业机构再到监理企业,与监理工作密切相关的建设程序以及建设工程监理的发展趋势等问题进行阐述;从第2章到第10章,讲述监理组织、目标控制、投资控制、质量控制、进度控制、合同管理、安全管理、风险管理和信息管理;第11章介绍监理规划、工地例会和监理月报、竣工验收管理等监理业务。
606 0  @a建筑工程@x施工监理@x高等教育@j教材
690    @aTU712.2@v5
701  0 @a杨晓林@Ayang xiao lin@f(1964~)@4主编
801  0 @aCN@bBJSDL@c20211011
905    @b1335828-31@dTU712.2@e1947=3@f4
    
    建设工程监理/杨晓林主编.-3版.-北京:机械工业出版社,2020.7
    268页;26cm
    普通高等教育“十一五”国家级规划教材 建设工程管理系列规划教材
    
    ISBN 978-7-111-52598-1:CNY35.00
    本书共分为11章,第1章从建设工程监理的基本概念出发,对建设监理制度的由来,建设监理行业的从业人员到监理工程师及其执业机构再到监理企业,与监理工作密切相关的建设程序以及建设工程监理的发展趋势等问题进行阐述;从第2章到第10章,讲述监理组织、目标控制、投资控制、质量控制、进度控制、合同管理、安全管理、风险管理和信息管理;第11章介绍监理规划、工地例会和监理月报、竣工验收管理等监理业务。
●
相关链接 在E读中查询图书 在五车中查询图书 在当当中查询图书 在豆瓣中查询图书


正题名:建设工程监理     索取号:TU712.2/1947=3         预约/预借

序号 登录号 条形码 馆藏地/架位号 状态 备注
1 1335828   213358285   第二样本阅览室/ [索取号:TU712.2/1947=3] 在馆    
2 1335829   213358294   第三借阅区/ [索取号:TU712.2/1947=3] 在馆    
3 1335830   213358301   第三借阅区/ [索取号:TU712.2/1947=3] 在馆    
4 1335831   213358310   第三借阅区/ [索取号:TU712.2/1947=3] 在馆    
唐山师范学院图书馆 欢迎您!
大连网信软件有限公司© 版权所有